History Quiz

Random History or Clickable Quiz

Terrible Predictions in History Quiz Stats

 Plays Quiz Updated Apr 28, 2017

Support Sporcle.
Go Orange.
Score 0/18 Timer 04:00
3 Plays Today
% Correct
Smoking
89.2%
Nuclear energy
88.2%
Submarine
87.6%
Rocket
86.5%
Astronomy
83%
Japanese auto industry
81.3%
Iraq War
81.1%
iPhone
79.4%
Aeroplane
76.8%
% Correct
Stocks
75.3%
Locomotives
75.3%
Computer
74.5%
Internet
65.4%
Automobile
54.2%
Democracy
45.6%
Light bulb
41.8%
War
41.1%
Television
29.5%

You're not logged in!

Compare scores with friends on all Sporcle quizzes.
OR
Log In
Forgot?

From the Vault

Geography 'G' Blitz

by nspyred

Because Geography without 'G' would be Eoraphy, and that's just weird.
Remove Ads.
Support Sporcle.
Get the best of Sporcle when you Go Orange. This ad-free experience offers more features, more stats, and more fun while also helping to support Sporcle. Thank you for becoming a member.

Show Comments

Extras

Top Quizzes Today


Score Distribution

Your Account Isn't Verified!

In order to create a playlist on Sporcle, you need to verify the email address you used during registration. Go to your Sporcle Settings to finish the process.

Report this User

Report this user for behavior that violates our Community Guidelines.

Details: